000 00668nam a2200229 a 4500
001 022388
003 BD-ChCU
005 20230204161543.0
008 Ben
020 _a৯৮৪৭০১১৭০০৪৬৫
040 _aDLC
_cDLC
_dBD-ChCU
082 0 0 _a১৮১.১৫/মান২লা
100 1 _aমাননান, আবদেল
_b-
245 1 0 _aলালন দর্শন
_b-
250 _a-
260 _aঢাকা
_bরোদেলা প্রকাশনী
_c২০১০
300 _a৩১৯
504 _a-Biblio-
650 0 _aলালন দর্শন
_bদর্শন
700 1 _a-
942 _2ddc
_cBK
999 _c22388
_d22388